000 00680nas a2200241 i 4500
001 2476
003 ES-MaACL
005 20250803062531.0
007 t|
008 950801d18511868fr a| | 1 ||re d
022 _a1245-9666
080 _a44
245 0 0 _aAnnuaire des deux mondes :
_bhistoire générale des divers états.
260 _aParis :
_bAu bureau de l'Annuaire des Deux Mondes,
_c1851-1868.
300 _a13 v. ;
_c23 cm.
310 _aAnual
362 0 _a[1] 1851-14 (1866/67)
500 _aSuplemento de la Revue de Deux Mondes.
650 1 7 _aHistoria
_2embne
_9179933
852 _aES-MaACL
_jG-15420-32
866 0 _o1850-1867
999 _c2476
_d2476